Clic De quelle région vient cette charcuterie ? - Statistiques

Statistiques générales
  • Ce quiz a été pris 28 fois
  • Le résultat moyen est 38 sur 118
Statistiques - réponses
Hint Réponse % Correct
Schwinnekääs Grand Est
89%
Gratton d'Auvergne Auvergne-Rhône-Alpes
79%
Boudin antillais Outre-mer
74%
Andouillette créole Outre-mer
74%
Graton créole Outre-mer
74%
Jambon sec d'Auvergne Auvergne-Rhône-Alpes
68%
Saucisson d'Auvergne Auvergne-Rhône-Alpes
68%
Rosette de Lyon Auvergne-Rhône-Alpes
63%
Andouillette lyonnaise Auvergne-Rhône-Alpes
63%
Terrine de figatellu Corse
63%
Fuseau lorrain Grand Est
63%
Petit salé lillois Hauts-de-France
63%
Pâté de foie du Nord Hauts-de-France
63%
Chichon landais Nouvelle Aquitaine
63%
Saucisson de Lyon Auvergne-Rhône-Alpes
58%
Grattons lyonnais Auvergne-Rhône-Alpes
58%
Lèwwerwùrscht Grand Est
58%
Langue de Valenciennes Lucullus Hauts-de-France
58%
Pâté de canard d'Amiens Hauts-de-France
58%
Boudin noir créole Outre-mer
58%
Jésus de Lyon Auvergne-Rhône-Alpes
53%
Rillons de Tours Centre-Val-de-Loire
53%
Coppa Corse
53%
Prisuttu Corse
53%
Figatellu Corse
53%
Grùmbèrrewùrscht Grand Est
53%
Knack Grand Est
53%
Mettwurst Grand Est
53%
Bloutworscht Grand Est
53%
Gròòwùrscht Grand Est
53%
Andouille de Cambrai Hauts-de-France
53%
Andouillette de Cambrai Hauts-de-France
53%
Jambon de Paris à l'os Ile-de-France
53%
Tripes à la mode de Caen Normandie
53%
Saucisse boucanée Outre-mer
53%
Tripes à la provençale Provence-Alpes-Côte d'Azur
53%
Andouillette à la provençale Provence-Alpes-Côte d'Azur
47%
Jambon fumé de Savoie Auvergne-Rhône-Alpes
42%
Andouille de Guémené Bretagne
42%
Rillettes de Tours Centre-Val-de-Loire
42%
Lonzu Corse
42%
Jambon sec des Ardennes Grand Est
42%
Andouillette d'Alençon Normandie
42%
Andouille de Vire Normandie
42%
Jambon de Bayonne Nouvelle Aquitaine
42%
Farci poitevin Nouvelle Aquitaine
42%
farci charentais Nouvelle Aquitaine
42%
Saucisse de Toulouse Occitanie
42%
Jambon de Luxeuil Bourgogne-Franche-Comté
37%
Andouillette de Chablis Bourgogne-Franche-Comté
37%
Saucisse de Montbéliard Bourgogne-Franche-Comté
37%
Andouille béarnaise Nouvelle Aquitaine
37%
Grillon charentais Nouvelle Aquitaine
37%
Pâté landais Nouvelle Aquitaine
37%
Tablier de sapeur Auvergne-Rhône-Alpes
32%
Murson de La Mure Auvergne-Rhône-Alpes
32%
Diot Auvergne-Rhône-Alpes
32%
Jambon à la chablisienne Bourgogne-Franche-Comté
32%
Saucisse de Morteau Bourgogne-Franche-Comté
32%
Andouillette de Clamecy Bourgogne-Franche-Comté
32%
Lyonnerworscht Grand Est
32%
Potjevleesch Hauts-de-France
32%
Jambon du Morvan Bourgogne-Franche-Comté
26%
Jésus de Morteau Bourgogne-Franche-Comté
26%
Rosette du Morvan Bourgogne-Franche-Comté
26%
Boudin blanc de Rethel Grand Est
26%
Andouillette de Troyes Grand Est
26%
Ventrèche Nouvelle Aquitaine
26%
Caillettes de Flayosc Auvergne-Rhône-Alpes
21%
Tourte à la viande du plateau mateysin Auvergne-Rhône-Alpes
21%
Andouille de Jargeau Centre-Val-de-Loire
21%
Gendarme Grand Est
21%
Pâté de ragondin Pays-de-la-Loire
21%
Rillette du Mans Pays-de-la-Loire
21%
Jambon de Vendée Pays-de-la-Loire
21%
Moutounesse Auvergne-Rhône-Alpes
16%
Caillette Auvergne-Rhône-Alpes
16%
Secca d'Entrevaux Auvergne-Rhône-Alpes
16%
Saucisson aux myrtilles Auvergne-Rhône-Alpes
16%
Brési Bourgogne-Franche-Comté
16%
Andouillette vouvrillonne Centre-Val-de-Loire
16%
Andouille du Val-d'Ajol Grand Est
16%
Gratton Nouvelle Aquitaine
16%
Saucisse de couenne Occitanie
16%
Jambon de Lacaune Occitanie
16%
saucisse de Lacaune Occitanie
16%
Trulle Auvergne-Rhône-Alpes
11%
Longeole Auvergne-Rhône-Alpes
11%
Gandeuillot Bourgogne-Franche-Comté
11%
Josken Bretagne
11%
Andouille de Baye Bretagne
11%
Fromage de tête Hauts-de-France
11%
Jambon du Kintoa Nouvelle Aquitaine
11%
Jambon de Chalosse Nouvelle Aquitaine
11%
Foie de porc séché Occitanie
11%
Saucisse de foie Occitanie
11%
Friton de canard Occitanie
11%
Pormonaise Auvergne-Rhône-Alpes
5%
Maouche Auvergne-Rhône-Alpes
5%
Ganèfles Auvergne-Rhône-Alpes
5%
Saucisson d'Arles Auvergne-Rhône-Alpes
5%
Saucisse de choux d'Arconsat Auvergne-Rhône-Alpes
5%
Porchetta Auvergne-Rhône-Alpes
5%
Jambon persillé Bourgogne-Franche-Comté
5%
Terrine de sanglier Corse
5%
Tricandilles Nouvelle Aquitaine
5%
tripou trenèl Occitanie
5%
Pâté de merle Corse
0%
Pâté de grive Corse
0%
Rillaud Hauts-de-France
0%
hure Hauts-de-France
0%
Cervelas aiglon Normandie
0%
Chaudin Normandie
0%
Pâté de Pâques Nouvelle Aquitaine
0%
fricandeau Occitanie
0%
Roulade d'andouille Occitanie
0%
Saucisson de cerf Outre-mer
0%
Queue de cochon Outre-mer
0%
Aucun quiz correspondant
Distribution des résultats
% des personnes avec chaque résultat
Percentile par nombre de réponses
Votre historique - résultats
Vous n’avez pas pris ce quiz